00294 a2200097 450000500170000002000190001708200160003624500350005226000360008730000730012320250417164250.0 a0-02-194440-7  a808. 06 MAC aEnglish and Western Literature aIllinois, bMacmillan, c1987.  axviii, 973p., ill., map, picture, table, bIndex, glossary, c25cm.